Análisis curricular : (Record no. 2579)

MARC details
000 -CABECERA
campo de control de longitud fija 00866nam a2200229 a 4500
005 - FECHA Y HORA DE LA ÚLTIMA TRANSACCIÓN
campo de control 20240924064247.0
008 - ELEMENTOS DE LONGITUD FIJA--INFORMACIÓN GENERAL
campo de control de longitud fija 991125s1994 mx 000 0 spa u
020 ## - NÚMERO INTERNACIONAL NORMALIZADO PARA LIBROS
Número Internacional Estándar del Libro 9682985404
035 ## - NÚMERO DE CONTROL DEL SISTEMA
Número de control de sistema UPN01000002579
049 ## - COLECCIÓN
Colección CG
050 #4 - SIGNATURA TOPOGRÁFICA DE LA BIBLIOTECA DEL CONGRESO
Número de clasificación LC5309 U59
Número de documento/Ítem A2001-3 1994 AB
100 1# - ASIENTO PRINCIPAL--NOMBRE PERSONAL
Nombre de persona Nanguse Ramírez, Jorge
9 (RLIN) 29734
245 10 - MENCIÓN DE TÍTULO
Título Análisis curricular :
Resto del título antología básica /
Mención de responsabilidad, etc. Jorge Nanguse Ramírez, M. Alejandro Mota González, Gerardo A. Cosaín Simental ; coord. Xóchitl Leticia Moreno Fernández.
260 ## - PUBLICACIÓN, DISTRIBUCIÓN, ETC.
Lugar de publicación, distribución, etc. México :
Nombre del editor, distribuidor, etc. UPN,
Fecha de publicación, distribución, etc. 1994.
300 ## - DESCRIPCIÓN FÍSICA
Extensión 175 p.
500 ## - NOTA GENERAL
Nota general "Licenciatura en educación Plan 1994"
650 #4 - ASIENTO SECUNDARIO DE MATERIA - TERMINO TEMATICO
Término de materia o nombre geográfico como elemento de entrada Educación
Subdivisión de forma Planes y programas
9 (RLIN) 6413
700 1# - ASIENTO SECUNDARIO--NOMBRE DE PERSONAL
Nombre de persona Mota González, M. Alejandro,
Término indicativo de función/relación coaut.
9 (RLIN) 29687
700 1# - ASIENTO SECUNDARIO--NOMBRE DE PERSONAL
Nombre de persona Cosaín Simental, Gerardo A.,
Término indicativo de función/relación coaut.
700 1# - ASIENTO SECUNDARIO--NOMBRE DE PERSONAL
Nombre de persona Moreno Fernández, Xóchitl Leticia,
Término indicativo de función/relación coord.
9 (RLIN) 29396
905 ## - TIPO DE MATERIAL
Tipo de material Libro
Holdings
Estado de retiro Estado de pérdida Fuente del sistema de clasificación o colocación Estado dañado No para préstamo Código de colección Localización permanente Ubicación/localización actual Ubicación en estantería Fecha de adquisición Clasificación Código de barras Fecha visto por última vez Número de copia Tipo de ítem Koha
    Library of Congress Classification   Coleccion SEP Colección General Bib. Gregorio Torres Quintero Bib. Gregorio Torres Quintero Planta baja 09/05/2023 LC5309 U59 A2001-3 1994 145468 31/12/2020 1 Libro